000 00814cam a22002651 4500
999 _c20390
_d20390
001 8920855
003 BDDh-ASL
005 20231015025901.0
008 770418s1964 pk abc b 001 0 eng
010 _asa 64008546
035 _a(OCoLC)2898021
040 _aDLC
_cNBuU
_dDLC
_dBDDh-ASL
042 _apremarc
050 0 0 _aBP64.A1
_bB7
082 _a297.096
_bMAI
100 1 _aBrelvi, Mahmud,
_d1908-
245 1 0 _aIslam in Africa /
_bForeword by M. M. Sharif.
_cIntrod. by Ishtiaq Husain Qureshi.
260 _aLahore:
_bInstitute of Islamic Culture,
_c[1964]
300 _axxxvi, 657 p.
_billus., maps, ports.
_c25 cm.
504 _aIncludes bibliographies.
650 0 _aIslam
_zAfrica
_xHistory.
651 0 _aAfrica
_xHistory.
906 _a7
_bcbc
_coclcrpl
_du
_encip
_f19
_gy-gencatlg
942 _2ddc
_cBK